New acoustic materials by additive technology; Междисциплинарные проблемы аддитивных технологий

Bibliografiske detaljer
Parent link:Междисциплинарные проблемы аддитивных технологий.— 2017.— [С. 67]
Hovedforfatter: Tomilina T. M.
Andre forfattere: Afanasev K. M., Vdovin R. A.
Summary:Заглавие с титульного экрана
Sprog:engelsk
Udgivet: 2017
Fag:
Online adgang:http://earchive.tpu.ru/handle/11683/45854
Format: Electronisk Book Chapter
KOHA link:https://koha.lib.tpu.ru/cgi-bin/koha/opac-detail.pl?biblionumber=625967

MARC

LEADER 00000naa2a2200000 4500
001 625967
005 20231101133404.0
035 |a (RuTPU)RU\TPU\conf\25244 
035 |a RU\TPU\conf\25243 
090 |a 625967 
100 |a 20180112d2017 k y0rusy50 ba 
101 0 |a eng 
102 |a RU 
105 |a y z 101zy 
135 |a drcn ---uucaa 
181 0 |a i  
182 0 |a b 
200 1 |a New acoustic materials by additive technology  |f T. M. Tomilina, K. M. Afanasev, R. A. Vdovin 
203 |a Текст  |c электронный 
230 |a 1 компьютерный файл (pdf; 129 Kb) 
300 |a Заглавие с титульного экрана 
463 1 |0 (RuTPU)RU\TPU\conf\25207  |t Междисциплинарные проблемы аддитивных технологий  |o сборник тезисов III Всероссийского научного семинара с международным участием, 4-6 декабря 2017, Томск  |f Национальный исследовательский Томский политехнический университет (ТПУ) ; под ред. А. Г. Князевой  |v [С. 67]  |d 2017 
610 1 |a электронные ресурсы 
610 1 |a акустические материалы 
610 1 |a аддитивные технологии 
610 1 |a тонкостенные элементы 
610 1 |a звуки 
610 1 |a диапазоны 
610 1 |a резонаторы 
700 1 |a Tomilina  |b T. M. 
701 1 |a Afanasev  |b K. M. 
701 1 |a Vdovin  |b R. A. 
801 2 |a RU  |b 63413507  |c 20180115  |g RCR 
856 4 |u http://earchive.tpu.ru/handle/11683/45854 
942 |c BK